| 000 | 00620nam a2200217 i 4500 | ||
|---|---|---|---|
| 001 | bgj | ||
| 245 | 0 | 0 |
_aThe Best American Essays 1990 / _cedited with an introduction by Justin Kaplan. |
| 260 |
_aNew York : _bTicknor & Fields, _cc. 1990. |
||
| 300 |
_aXIX, 308 pp ; _c21 cm. |
||
| 490 | 1 | _aBest American Essays | |
| 505 | _aIncludes biographical notes. | ||
| 650 | 9 | _aAmerican essays | |
| 700 | 1 |
_aKAPLAN, Justin. _eeditor |
|
| 830 | _aBest American Essays | ||
| 020 | _a0899199732 | ||
| 040 | _cBPK | ||
| 041 | 0 | _aeng | |
| 920 | _a0-89919-973-2 | ||
| 942 | _cKS | ||
| 008 | s uk f |000 0 eng | ||
| 999 |
_c47984 _d47984 |
||
| 856 |
_uhttp://koha.tu.koszalin.pl/cgi-bin/koha/opac-detail.pl?biblionumber=47984 _yKatalog online BPK |
||